000 00933 a2200229 4500
005 20260410130424.0
008 260410b |||||||| |||| 00| 0 eng d
020 _a9789380146737 (hbk)
037 _cTB
040 _aCRL
_cCRL
041 _2hin
_ahin
084 _aP152:3 Q2
_qCRL
100 _aजैन, महेन्द्र राजा
_9864217
245 _aविराम चिन्ह:
_bक्यों और कैसे ?
260 _aनयी दिल्ली, भारत:
_bकिताबघर प्रकाशन,
_c2012.
300 _a240पृ.
365 _b350.00
_cINR
650 _aहिन्दी भाषा
650 _aविराम चिन्ह
_91234669
942 _cTB
_2CC
_hP152:3 Q2
999 _c1467600
_d1467600